00382cam a2200157ua 45000010005000000080039000050400009000440820008000531000029000612450028000902500009001182600026001273000014001536530014001676530043001813007110921n ii |||gr||||Z||||||eng cMAIN a9201 aGandhi, Indira,eAuthor.11aIndiacby Indira Gandhi a1st. aCalcutta:bRupa & Co. a221p:5cm. aBiography aBiography of Iqbal aru jatiya sanghati